Open Data Biblioteca Nacional de Portugal


República Portuguesa: Ministério da Cultura
Biblioteca Nacional de Portugal

Catálogo da BNP: acesso por Identificadores Unívocos
Registos Bibliográficos associados ao registo de autoridade

Etiqueta de registo: 00000nam 2200025 450
001 1949108
003 http://id.bnportugal.gov.pt/bib/catbnp/1949108
010 ## $a978-989-51-7737-0
021 ## $aPT$b408111/16
100 ## $a20161123d2016 bc y0pory01030103ba
101 0# $apor
102 ## $aPT
105 ## $aa z 000yy
106 ## $ar
200 1# $a Os mochinhos da sabedoria a trabalhar a atenção$fDiana Almeida, Isa Bernardo, Sandra Costa
205 ## $a1ª ed
210 #9 $aLisboa$cChiado Editora,$d2016
215 ## $a263, [1] p.$cil.$d30 cm
225 2# $aRecreio
675 ## $a37.03(072)$vBN$zpor$31429020
700 #1 $91$aAlmeida,$bDiana$31481362
701 #1 $aBernardo,$bIsa$4070$31663957
701 #1 $96$aCosta,$bSandra$4070$31663958
801 #0 $aPT$bBN$gRPC
856 41 $uhttp://rnod.bnportugal.gov.pt/ImagesBN/winlibimg.aspx?skey=&doc=1949108&img=86545&save=true
900 ## $aBIBNAC$d20161221
966 ## $lBN$mFGMON$sS.C. 144500 V.$x1
966 ## $lBN$mFGMON$sS.C. 144500 V.-D$x1

OpendataBNP@bnportugal.pt | Mais informação sobre acesso aos dados BNP